00567 2200181 4500245009900000020002200099250001100121100001700132700001600149650001700165005001900182260002500201041001400226084001000240300002300250500010300273336000900376 aYa Allah, Aku Jatuh Cinta ! b : Mengelola Cinta Tanpa Harus Terkena DosacBurhan SodiqhText a978-979-1256-03-2 aCet. 1 aBurhan Sodiq aAzus Arifin aAkhlak Mulia a20240126112931 aSolobSamuderac2007 aIndonesia a297.5 a178 hlm. :c18 cm. aBuku ini cocok untuk remaja yang sedang belajar mengelola cintanya agar tidak terjerumus pada dosa atext